|
|
|
|
| LEADER |
00573nam a22001577a 4500 |
| 005 |
20151215125404.0 |
| 008 |
091203t xxu||||| |||| 00| 0 eng d |
| 082 |
|
|
|a X7
|b K71
|
| 100 |
|
|
|a Rai, Lajpat
|9 11943
|
| 245 |
|
|
|a England's debt to India
|b a historical narrative of Britians fiscal policy in India
|
| 300 |
|
|
|a xxxi,242p.
|
| 653 |
|
|
|a Debt of England
|
| 942 |
|
|
|c BK
|6 _
|
| 260 |
|
|
|a Delhi
|b ministry of information and broad casting
|c 1967
|
| 999 |
|
|
|c 102983
|d 102983
|
| 952 |
|
|
|0 0
|1 0
|2 ddc
|4 0
|6 954_RAI
|7 0
|9 130048
|a SMS
|b SMS
|c GEN
|d 2009-12-03
|o 954 RAI
|p SMS003902
|r 2009-12-03
|w 2009-12-03
|y BK
|